| 000 | 01735nam a2200517 i 4500 | ||
|---|---|---|---|
| 001 | 15673 | ||
| 003 | KOSZ 005 | ||
| 005 | 20200706100452.0 | ||
| 008 | 200422s1969 pl a f 001 0 pol | ||
| 015 | _aUWD 1969/10524 | ||
| 035 | _a991036398489705066 | ||
| 035 | _a(PL-WaBN)b19776925-48omnis_nlop | ||
| 035 | _ab19776925 | ||
| 035 | _a(OCoLC)839150528 | ||
| 035 | _a(PL)b0000001977692 | ||
| 035 | _a(EXLNZ-48OMNIS_NETWORK)9910142656205606 | ||
| 040 |
_aWA N _cWA N _dKOSZ 005/RW |
||
| 046 | _k1969 | ||
| 080 | _a624 | ||
| 080 | _a514.18 | ||
| 100 | 1 |
_aPrzewłocki, Stefan _d(1933- ) _eAutor |
|
| 245 | 1 | 0 |
_aKształtowanie geometryczne konstrukcji powłokowych / _cStefan Przewłocki. |
| 260 |
_aWarszawa : _b"Arkady", _c1969. |
||
| 300 |
_a108 stron : _bilustracje ; _c21 cm. |
||
| 336 |
_aTekst _btxt _2rdacontent |
||
| 337 |
_aBez urządzenia posredniczącego _bn _2rdamedia |
||
| 338 |
_aWolumin _bnc _2rdacarrier |
||
| 380 | _aKsiążki | ||
| 380 | _aPublikacje fachowe | ||
| 388 | _a1901-2000 | ||
| 388 | _a1945-1989 | ||
| 490 | 1 |
_aBiblioteka Inżynierii i Budownictwa ; _v22 |
|
| 504 | _aBibliografia na stronach 106-[107]. Indeks. | ||
| 650 | 7 | _aPowłoki (budownictwo) | |
| 650 | 7 | _aKonstrukcje | |
| 650 | 7 | _aBudownictwo | |
| 650 | 7 | _aGeometria wykreślna | |
| 650 | 7 | _aZastosowanie i wykorzystanie | |
| 655 | 7 | _aOpracowanie | |
| 658 | _aArchitektura i budownictwo | ||
| 710 | 2 |
_aWydawnictwo Arkady _4pbl |
|
| 830 | 0 |
_aBIB Biblioteka Inżynierii i Budownictwa _v22 |
|
| 856 |
_uhttp://koha.tu.koszalin.pl/cgi-bin/koha/opac-detail.pl?biblionumber=15673 _yKatalog online BPK |
||
| 942 |
_2UKD _cKS |
||
| 999 |
_c15673 _d15673 |
||